تطور الفكر الاقتصادي / (رقم التسجيلة. 112735)

تفاصيل مارك
000 -الفاتح
عناصر البيانات ثابتة الطول 00710cam a2200205 i 4500
005 - تاريخ ووقت آخر معاملة
حقل ضبط 20260120094416.0
008 - عناصر البيانات ثابتة الطول
عناصر البيانات ثابتة الطول 250721s2008 jo gr 000 0 ara d
020 ## - الترقيم الدولي المعياري للكتب (ردمك)
الترقيم الدولي المعياري للكتب (ردمك) 9789957117375
082 14 - رقم تصنيف ديوي العشري
رقم التصنيف 330.1
رقم المادة ق ر ي
100 1# - مدخل رئيسي – اسم شخصي
الاسم الشخصي القريشي، مدحت
علاقة الشخص بالعمل/ دوره مؤلف.
245 10 - بيان العنوان
العنوان تطور الفكر الاقتصادي /
بيان المسؤولية الدكتور مدحت القريشي.
250 ## - بيان الطبعة
بيان الطبعة الطبعة الاولى.
264 31 - بيانات النشر، التوزيع…إلخ
مكان النشر، التوزيع...إلخ عمان :
اسم الناشر، الموزع...إلخ دار وائل للنشر والتوزيع،
تاريخ النشر، التوزيع...إلخ 2008.
300 ## - الوصف المادي
عدد الوحدات المكونة للوعاء 330 صفحة.
650 17 - مدخل إضافي بالموضوع - مصطلح موضوعي
مصطلح موضوعي أو اسم جغرافي كعنصر مدخل الاقتصاد.
650 17 - مدخل إضافي بالموضوع - مصطلح موضوعي
مصطلح موضوعي أو اسم جغرافي كعنصر مدخل الفكر الاقتصادي.
650 17 - مدخل إضافي بالموضوع - مصطلح موضوعي
مصطلح موضوعي أو اسم جغرافي كعنصر مدخل المذاهب الاقتصاديه.
942 ## - بيانات إضافية (كوها)
نوع التنصيف Dewey Decimal Classification
نوع المادة (كوها) كتب
المقتنيات
حالة السحب حالة الفقدان مصدر التصنيف حالة التلف غير قابل للإعارة المكتبة الرئيسية المكتبة الحالية موقع الرف تاريخ التزويد الرقم المتسلسل Total Checkouts رقم الإستدعاء الباركود تاريخ آخر ظهور تاريخ الفاتورة نوع المادة (كوها)
    Dewey Decimal Classification     المكتبة المركزية المكتبة المركزية الإعارة 28/07/2025 1198289   330.1 / ق ر ي PLD00022321 28/07/2025 28/07/2025 كتب
    Dewey Decimal Classification     المكتبة المركزية المكتبة المركزية مقتنيات قسم التزويد 28/07/2025 1198290   330.1/قري   28/07/2025 28/07/2025 كتب
    Dewey Decimal Classification     المكتبة المركزية المكتبة المركزية مقتنيات قسم التزويد 28/07/2025 1198291   330.1/قري   28/07/2025 28/07/2025 كتب
    Dewey Decimal Classification     المكتبة المركزية المكتبة المركزية مقتنيات قسم التزويد 28/07/2025 1480871   330.1/قري   28/07/2025 28/07/2025 كتب
    Dewey Decimal Classification     المكتبة المركزية المكتبة المركزية الإعارة 14/11/2016 1629676   330.1/قري PLD00398940 28/07/2025 14/11/2016 كتب
    Dewey Decimal Classification     مكتبة أبو علندا العامة مكتبة أبو علندا العامة الإعارة 19/06/2008 1198301   330.1/قري PLD00022656 28/07/2025 19/06/2008 كتب
    Dewey Decimal Classification     مكتبة أم قصير والمقابلين العامة مكتبة أم قصير والمقابلين العامة الإعارة 19/06/2008 1198300   330.1/قري PLD00022655 28/07/2025 19/06/2008 كتب
    Dewey Decimal Classification     مكتبة الأميرة ايمان العامة مكتبة الأميرة ايمان العامة الإعارة 19/06/2008 1198292   330.1/قري PLD00022647 28/07/2025 19/06/2008 كتب
    Dewey Decimal Classification     مكتبة الاميرة بديعة مكتبة الاميرة بديعة الإعارة 19/06/2008 1198295   330.1/قري PLD00022650 28/07/2025 19/06/2008 كتب
    Dewey Decimal Classification     مكتبة البراعم الواعدة مكتبة البراعم الواعدة الإعارة 20/06/2015 1474548   330.1/قري PLD00332709 28/07/2025 20/06/2015 كتب
    Dewey Decimal Classification     مكتبة الجويدة مكتبة الجويدة الإعارة 19/06/2008 1198296   330.1/قري PLD00022651 28/07/2025 19/06/2008 كتب
    Dewey Decimal Classification     مكتبة الحسن العامة مكتبة الحسن العامة الإعارة 19/06/2008 1198297   330.1/قري PLD00022652 28/07/2025 19/06/2008 كتب
    Dewey Decimal Classification     مكتبة النصر العامة مكتبة النصر العامة الإعارة 19/06/2008 1198303   330.1/قري PLD00022658 28/07/2025 19/06/2008 كتب
    Dewey Decimal Classification     مكتبة حمزة العامة مكتبة حمزة العامة الإعارة 19/06/2008 1198298   330.1/قري PLD00022653 28/07/2025 19/06/2008 كتب
    Dewey Decimal Classification     مكتبة صويلح العامة مكتبة صويلح العامة الإعارة 19/06/2008 1198293   330.1/قري PLD00022648 28/07/2025 19/06/2008 كتب
    Dewey Decimal Classification     مكتبة وادي السير العامة مكتبة وادي السير العامة الإعارة 19/06/2008 1198302   330.1/قري PLD00022657 28/07/2025 19/06/2008 كتب
Implemented & Customized by: BBB with SCIT (Smart Chains for Information Technology)

Powered by Koha